[Event "GER-chT U16"]
[Site "Naumburg"]
[Date "2010.12.27"]
[Round "2.2"]
[White "Bodenstein, Lars"]
[Black "Scheer, Maximilian"]
[Result "1-0"]
[WhiteElo "1441"]
[BlackElo "1569"]
[PlyCount "35"]
[EventDate "2010.12.27"]
[EventType "team-swiss"]
[EventRounds "7"]
[EventCountry "GER"]
[SourceTitle "CBM 140 Extra"]
[Source "ChessBase"]
[SourceDate "2011.03.01"]
[SourceVersion "1"]
[SourceVersionDate "2011.03.01"]
[SourceQuality "1"]
[WhiteTeam "Erfurt SK"]
[BlackTeam "Lippstadt Turm"]
[WhiteTeamCountry "GER"]
[BlackTeamCountry "GER"]

1. d4 d5 2. c4 e6 3. cxd5 Qxd5 4. Nc3 Qa5 5. a3 c5 6. e4 cxd4 7. Qxd4 Nc6 8. Qd1 Bc5 9. Bd2 Nf6 10. b4 Nxb4 11. axb4 Qxb4 12. e5 Ng4 13. Bb5+ Ke7 14. Nd5+ exd5 15. Bxb4 Bxb4+ 16. Kf1 Bc5 17. Qxd5 Bxf2 18. Qd6# 1-0

[Event "GER-ch U12"]
[Site "Willingen"]
[Date "2007.06.01"]
[Round "9"]
[White "Lehmann, Patricia"]
[Black "Bodenstein, Lars"]
[Result "1-0"]
[WhiteElo "1149"]
[BlackElo "1241"]
[PlyCount "43"]
[EventDate "2007.05.26"]
[EventType "swiss"]
[EventRounds "11"]
[EventCountry "GER"]
[SourceTitle "CBM 118 Extra"]
[Source "ChessBase"]
[SourceDate "2007.07.04"]
[SourceVersion "1"]
[SourceVersionDate "2007.07.04"]
[SourceQuality "1"]

1. d4 d5 2. c4 e6 3. Nf3 f5 4. Nc3 Nf6 5. Bf4 c6 6. e3 Be7 7. Be2 0-0 8. 0-0 Ne4 9. Nxe4 dxe4 10. Ne5 g5 11. Bg3 f4 12. exf4 gxf4 13. Bxf4 Rxf4 14. Bh5 Nd7 15. Nxd7 Bxd7 16. Qb3 Qb6 17. Qg3+ Kh8 18. Qxf4 Qxd4 19. Rad1 Qc5 20. Rxd7 Qxh5 21. Rxe7 b6 22. Qf6+ 1-0

[Event "GER-ch U12"]
[Site "Willingen"]
[Date "2007.05.29"]
[Round "6"]
[White "Spiegelberg, Silvia"]
[Black "Bodenstein, Lars"]
[Result "1-0"]
[WhiteElo "1347"]
[BlackElo "1241"]
[PlyCount "151"]
[EventDate "2007.05.26"]
[EventType "swiss"]
[EventRounds "11"]
[EventCountry "GER"]
[SourceTitle "CBM 118 Extra"]
[Source "ChessBase"]
[SourceDate "2007.07.04"]
[SourceVersion "1"]
[SourceVersionDate "2007.07.04"]
[SourceQuality "1"]

1. d4 f5 2. Bf4 Nf6 3. e3 e6 4. Nd2 Be7 5. Ngf3 0-0 6. Bd3 b6 7. c3 Bb7 8. Qc2 d5 9. h3 Ne4 10. c4 c6 11. Rc1 Nd7 12. cxd5 cxd5 13. g4 Bh4 14. Nxh4 Qxh4 15. Nxe4 fxe4 16. Bb5 Rac8 17. Qd2 Nf6 18. Ke2 a6 19. Ba4 b5 20. Bb3 Rc6 21. Qe1 Rfc8 22. Rxc6 Rxc6 23. f3 Qxe1+ 24. Rxe1 exf3+ 25. Kxf3 Ne4 26. Re2 Rc1 27. Kg2 Rc8 28. Rc2 h6 29. Rxc8+ Bxc8 30. a4 Bd7 31. a5 Kf7 32. Bc2 Ke7 33. Kf3 Bc6 34. Ke2 Kd7 35. h4 Bb7 36. Be5 g6 37. h5 gxh5 38. gxh5 Ke7 39. Bxe4 dxe4 40. Bg7 Kd7 41. Bxh6 Ke7 42. Bg7 Kf7 43. h6 Kg6 44. Kf2 Bc6 45. Kg3 Be8 46. Kf4 Bc6 47. Ke5 Bd5 48. Kd6 b4 49. Kc7 Kh7 50. Kb6 Bc4 51. Kc5 Bb5 52. Kxb4 Kg6 53. Kc5 Kh7 54. b4 Kg6 55. Kd6 Bc4 56. Ke5 Bd5 57. Kd6 Bc4 58. Ke7 Bd5 59. Kf8 Kh7 60. Kf7 Bc4 61. Kf6 Bd5 62. Bf8 Bc4 63. Ke5 Bd5 64. Kf6 Bc4 65. Kg5 Bd5 66. b5 axb5 67. a6 Ba8 68. Kf6 Bd5 69. Kf7 e5+ 70. Kf6 exd4 71. exd4 e3 72. Bb4 Kxh6 73. Ke5 Ba8 74. d5 e2 75. d6 Kg7 76. d7 1-0